NBA Western Conference #1 seed - Statistics

General Stats
  • This quiz has been taken 92 times
    19 since last reset
  • The average score is 37 of 77
Answer Stats
Year Team % Correct
2026 Oklahoma City Thunder
100%
2025 Oklahoma City Thunder
100%
2024 Oklahoma City Thunder
94%
2020 Los Angeles Lakers
88%
2023 Denver Nuggets
82%
2019 Golden State Warriors
76%
2017 Golden State Warriors
76%
2016 Golden State Warriors
76%
2015 Golden State Warriors
76%
2010 Los Angeles Lakers
76%
2009 Los Angeles Lakers
76%
2008 Los Angeles Lakers
76%
2014 San Antonio Spurs
76%
2018 Houston Rockets
71%
2022 Phoenix Suns
71%
2011 San Antonio Spurs
71%
2007 Dallas Mavericks
65%
2000 Los Angeles Lakers
65%
2013 Oklahoma City Thunder
65%
2012 San Antonio Spurs
65%
2006 San Antonio Spurs
65%
1987 Los Angeles Lakers
59%
1986 Los Angeles Lakers
59%
1985 Los Angeles Lakers
59%
1984 Los Angeles Lakers
59%
1983 Los Angeles Lakers
59%
1982 Los Angeles Lakers
59%
2005 Phoenix Suns
59%
2003 San Antonio Spurs
59%
2021 Utah Jazz
59%
1998 Utah Jazz
59%
1997 Utah Jazz
59%
1990 Los Angeles Lakers
53%
1989 Los Angeles Lakers
53%
1988 Los Angeles Lakers
53%
2002 Sacramento Kings
53%
1999 San Antonio Spurs
53%
1980 Los Angeles Lakers
47%
1972 Los Angeles Lakers
47%
2004 Minnesota Timberwolves
47%
1993 Phoenix Suns
47%
2001 San Antonio Spurs
47%
1973 Los Angeles Lakers
41%
1969 Los Angeles Lakers
41%
1966 Los Angeles Lakers
41%
1965 Los Angeles Lakers
41%
1963 Los Angeles Lakers
41%
1954 Minneapolis Lakers
41%
1953 Minneapolis Lakers
41%
1951 Minneapolis Lakers
41%
1992 Portland Trail Blazers
41%
1991 Portland Trail Blazers
41%
1977 Los Angeles Lakers
35%
1962 Los Angeles Lakers
35%
1995 San Antonio Spurs
35%
1996 Seattle SuperSonics
35%
1994 Seattle SuperSonics
35%
1979 Seattle SuperSonics
35%
1978 Portland Trail Blazers
29%
1976 Golden State Warriors
24%
1975 Golden State Warriors
24%
1981 Phoenix Suns
24%
1967 San Francisco Warriors
24%
1964 San Francisco Warriors
24%
1971 Milwaukee Bucks
18%
1952 Rochester Royals
18%
1970 Atlanta Hawks
12%
1956 Fort Wayne Pistons
12%
1955 Fort Wayne Pistons
12%
1968 St. Louis Hawks
12%
1961 St. Louis Hawks
12%
1960 St. Louis Hawks
12%
1959 St. Louis Hawks
12%
1958 St. Louis Hawks
12%
1957 St. Louis Hawks
12%
1974 Milwaukee Bucks
6%
1950 Indianapolis Olympians
0%
No matching quizzes found
Score Distribution
Percent of People with Each Score
Percentile by Number Answered
Your Score History
You have not taken this quiz since the last reset